Sobre la teoría de la historia y de la libertad (1964-1965).

Saved in:
Bibliografiske detaljer
Hovedforfatter: Adorno, Theodor W., 1903-1969 (autor)
Andre forfattere: Tiedemann, Rolf (Editor), Dimópulos, Mariana (prólogo, edición en español), Vedda, Miguel (traducción)
Format: Ukendt
Sprog:spansk
Udgivet: Ciudad Autónoma de Buenos Aires, Argentina: Eterna Cadencia, 2019.
Udgivelse:Primera edición.
Fag:
Tags: Tilføj Tag
Ingen Tags, Vær først til at tagge denne postø!

MARC

LEADER 00000 a2200000 4500
003 CL-VaPUC
005 20250103123107.0
008 241219t2019 ||||| |||| 00| 0 spa d
999 |c 446182  |d 446180 
020 |a 978-987-712-166-7 
040 |c Pontificia Universidad Católica de Valparaíso 
082 |2 22  |a 193 ADO 2019 
100 |a Adorno, Theodor W.,  |9 887554  |d 1903-1969  |e autor 
245 |a Sobre la teoría de la historia y de la libertad (1964-1965). 
250 |a Primera edición. 
260 |a Ciudad Autónoma de Buenos Aires, Argentina:  |b Eterna Cadencia,  |c 2019. 
300 |a 495 páginas. 
583 |k Yessy Díaz Vidal   |c 20241219 
650 0 |9 886014  |a Libertad humana  |v Filosofía de la historia 
650 0 |9 255047  |a Historia  |v Crítica, tipologías, etc. 
650 0 |9 260807  |a Progreso  |v Filosofía moderna 
700 |9 862464  |a Tiedemann, Rolf  |e editor 
700 |9 894988  |a Dimópulos, Mariana  |e prólogo  |e edición en español 
700 |9 894989  |a Vedda, Miguel  |e traducción 
942 |2 ddc  |c BK 
952 |0 0  |1 0  |2 ddc  |4 0  |6 193_000000000000000_ADO_2019  |7 0  |8 A  |9 598740  |a BIBHIS  |b BIBHIS  |d 2024-12-17  |e 13  |g 27000.00  |i 5663682  |o 193 ADO 2019  |p 5663682  |r 2025-01-20  |t 1  |v 27000.00  |w 2024-12-17  |y BK  |k HIS